000 00833nam a22001937a 4500
003 OSt
005 20250916085558.0
008 240228b ||||| |||| 00| 0 eng d
040 _c0
082 _aDPer 621.317 Ie21 June 2022 v. 37 n. 6
100 _aLi, Shaojie.
_eauthor.
_953518
245 _aA capacitor-current-feedback positive active damping control strategy for LCL-type grid-connected inverter to achieve high robustness /
_cShaojie Li and Hua Lin.
260 _aNew York ;
_bThe Institute of Electrical and Electronics Engineers, Inc. ,
_cJune 2022.
300 _aVolume 37, pages 6462-6474 :
_billustration ;
_c29 cm.
500 _aIEEE Transactions on Power Electronics, vol. 37, no. 6, pages 6462-6474, June 2022.
700 _aLi, Shaojie.
_eauthor.
_953518
700 _aLin, Hua.
_eauthor.
_953519
942 _2ddc
_cPER
999 _c19401
_d19401